La interpretación lírica del Asterión borgesiano : intertextualidad y apropiación del mito del minotauro /

Cuando Borges nos permitió conocer la humanidad del asesino que vivía en su Casa de Asterión nuestra piedad inicial pronto se transmutó en trágica identidad. Los trabajos que aquí analizamos nos muestran cómo los poetas actuales son también conscientes de este hecho y comparten nuestro terror, motiv...

Full description

Bibliographic Details
Main Author: Isla García, Virginia
Format: Analitica de revista
Language:Spanish
Published: Concepción Universidad de Concepción 2010
Subjects:
Online Access:Acceso electrónico al documento

MARC

LEADER 00000cab a2200000 a 4500
001 024256
003 UAHC_CL
005 20180803174337.0
008 110603s2010 cl 000 spa
952 |0 0  |1 0  |4 0  |6 ACTA_LIT_41_10_000000000000000  |7 0  |8 General  |9 48619  |a BC  |b BC  |c General  |d 2017-08-03  |l 0  |o ACTA LIT.-41/10  |p FICTICIO04  |r 2019-01-08 00:00:00  |t 1  |w 2017-08-03  |y REVA 
999 |c 24256  |d 24256 
040 |a UAHC_CL  |c UAHC_CL  |d UAHC_CL 
100 1 |a Isla García, Virginia 
245 1 3 |a La interpretación lírica del Asterión borgesiano :  |b intertextualidad y apropiación del mito del minotauro /  |c Virginia Isla García. 
246 2 |a Intertextualidad y apropiación del mito del minotauro 
246 2 |a Intertextualidad y apropiación del mito del minotauro 
260 |b Universidad de Concepción  |a Concepción  |c 2010 
300 |a p. 87-100. 
500 |a En: Acta Literaria, 41, 2010. p. 87-100. ISSN: 07160909. 
520 |a Cuando Borges nos permitió conocer la humanidad del asesino que vivía en su Casa de Asterión nuestra piedad inicial pronto se transmutó en trágica identidad. Los trabajos que aquí analizamos nos muestran cómo los poetas actuales son también conscientes de este hecho y comparten nuestro terror, motivo quizá por el que en su poesía prefieren centrarse en los últimos pensamientos del monstruo antes de su muerte. De este modo no sólo pagan su tributo a Borges sino que nos recuerdan cómo nosotros, hombres modernos, suplicaremos también por morir. 
600 1 4 |a BORGES, JORGE LUIS  |d 1899-1986 
650 4 |a AUTORES ARGENTINOS 
773 0 |t Acta Literaria  |w 024251 
856 |u http://www.scielo.cl/pdf/actalit/n41/art_06.pdf  |y Acceso electrónico al documento 
900 |a ACTA LIT.-41/10 
942 |c REVA  |2 ddc